Tutti gli Stati che hanno controllato Sarajevo - Statistics

Statistiche generali
  • Questo quiz è stato fatto 22 volte
  • Il punteggio medio è 10 su 12
Statistiche sulle risposte
con Immagini Hint Risposta % Corretto
1992 Repubblica di Bosnia ed Erzegovina
100%
1995 - Oggi Bosnia ed Erzegovina
95%
1697 - 1878 Impero Ottomano
95%
1945 - 1992 Repubblica Socialista Federale di Jugoslavia
95%
1878 - 1918 Impero Austro-Ungarico
89%
1461 - 1697 Impero Ottomano
89%
1929 - 1941 Regno di Jugoslavia
89%
1918 Stato degli Sloveni, Croati e Serbi
89%
1918 - 1929 Regno dei Serbi, Croati e Sloveni
79%
1941 - 1945 Stato di Croazia
74%
1697 Arciducato d'Austria
68%
1992 - 1995 Repubblica Serba di Bosnia ed Erzegovina
32%
Nessun quiz corrispondente trovato
Distribuzione punteggi
Percentuale di utenti per punteggio
Percentile per numero di risposta
I tuoi punteggi nel tempo
Non hai fatto questo quiz